[Event "Tourn. n8682"]
[Site "www.chess-mail.com"]
[Date "2016.03.22"]
[Round "1"]
[White "Drawmaster"]
[Black "Daquata"]
[WhiteElo "1670"]
[BlackElo "1590"]
[Result "1-0"]
[Round "1"]
1.d4 Ng8f6
2.Ng1f3 d5
3.Nb1d2 Nb8c6
4.e3 Bc8f5
5.Bf1b5 a6
6.Bb5xc6 bxc6
7.O-O e6
8.Nf3e5 Qd8d6
9.Nd2f3 Bf8e7
10.c4 c5
11.cxd5 Nf6xd5
12.Qd1a4 { resign }
1-0

[Event "Tourn. n8473"]
[Site "www.chess-mail.com"]
[Date "2016.03.22"]
[Round "1"]
[White "Ffdd65"]
[Black "Norlavuaram"]
[WhiteElo "2180"]
[BlackElo "2320"]
[Result "0-1"]
[Round "1"]
1.e4 e5
2.d4 exd4
3.Qd1xd4 Nb8c6
4.Qd4e3 d6
5.Bf1d3 Ng8f6
6.h3 Bf8e7
7.Ng1f3 O-O
8.O-O a6
9.b3 h6
10.Bc1b2 Rf8e8
11.Nb1c3 Nf6d7
12.Nf3d4 Nc6xd4
13.Qe3xd4 Be7f6
14.Qd4e3 Nd7e5
15.Ra1d1 Ne5xd3
16.Rd1xd3 Bc8d7
17.Bb2c1 Bd7c6
18.f3 Bf6xc3
19.Rd3xc3 Qd8f6
20.Rc3d3 d5
21.Rd3d4 dxe4
22.fxe4 Qf6g6
23.Rf1f4 Ra8d8
24.Rf4g4 Qg6f6
25.Bc1b2 g5
26.Bb2c3 Rd8xd4
27.Bc3xd4 Qf6g6
28.h4 Re8xe4
29.h5 Qg6e6
30.Rg4xe4 Qe6xe4
31.Qe3f2 f5
32.Bd4e3 f4
33.Be3d4 g4
34.Kf1 g3
35.Qf2d2 f3
36.gxf3 Qe4xf3
37.Ke1 Qf3h1
38.Ke2 Qh1xh5
39.Kf1 Qh5h3
40.Ke2 Qh3g4
41.Ke1 g2
42.Bd4g1 Qg4g3
43.Kd1 Qg3f3
44.Qd2e2 Qf3f1
45.Qe2e1 Qf1f3
46.Qe1e2 Kf7
47.Ke1 Qf3c3
48.Kf2 Qc3f6
49.Ke3 Qf6e5
50.Kf2 Qe5d4
51.Qe2e3 Qd4xe3
52.Kxe3 Kf6
53.Kf2 Kf5
54.Bg1h2 Bc6e4
55.Bh2xc7 h5
56.Bc7g3 Kg4
57.c3 h4
58.Bg3h2 h3
59.a3 Be4c6
60.Ke3 Kf5
61.c4 b6
62.Kd4 Kg4
63.Ke3 Bc6b7
64.Kf2 Bb7c8
65.b4 Bc8d7
66.Ke2 Kf5
67.Ke3 Bd7c6
68.Kd4 Kg4
69.Ke3 g1Q
70.Bh2xg1 Kg3
71.Ke2 Kg2
72.Bg1h2 Kxh2
{ resign }
0-1

[Event "Tourn. n8686"]
[Site "www.chess-mail.com"]
[Date "2016.03.22"]
[Round "1"]
[White "Faerieking"]
[Black "Paaliaq"]
[WhiteElo "2200"]
[BlackElo "2029"]
[Result "0-1"]
[Round "1"]
1.e4 e6
2.d4 d5
3.Nb1c3 Bf8b4
4.e5 Ng8e7
5.a3 Bb4xc3
6.bxc3 b6
7.Qd1g4 Ne7g6
8.h4 h5
9.Qg4g3 Bc8a6
10.Bf1xa6 Nb8xa6
11.Bc1g5 Qd8d7
12.Ng1e2 Qd7a4
13.Qg3d3 c5
14.O-O Ra8c8
15.f4 O-O
16.f5 exf5
17.Qd3xf5 cxd4
18.e6 Qa4e8
19.Ra1e1 fxe6
20.Qf5d3 Rf8xf1
21.Re1xf1 Na6c5
{ resign }
0-1

[Event "Match"]
[Site "www.echecsemail.com"]
[Date "2016.03.22"]
[Round "1"]
[White "Kevinking"]
[Black "Darknight"]
[WhiteElo "1910"]
[BlackElo "1680"]
[Result "0-1"]
[Round "1"]
1.e4 e5
2.Ng1f3 d6
3.d4 exd4
4.Nf3xd4 a6
5.Nb1c3 c6
6.Bf1e2 h6
7.O-O g6
8.Bc1e3 h5
9.Qd1d2 Bc8g4
10.f3 Bg4e6
 { time }
0-1

[Event "Match"]
[Site "www.echecsemail.com"]
[Date "2016.03.22"]
[Round "1"]
[White "Sonny1000"]
[Black "Billyg"]
[WhiteElo "1530"]
[BlackElo "1650"]
[Result "1-0"]
[Round "1"]
1.e4 e5
2.Nb1c3 Ng8f6
3.h3 d5
4.Bf1d3 d4
5.Nc3b5 a6
6.Nb5a3 b5
7.Ng1f3 Bf8d6
8.O-O h6
9.Rf1e1 g5
10.Nf3h2 h5
11.Kf1 g4
12.h4 Nb8c6
13.Ke2 Nc6b4
14.Na3xb5 c6
15.Nb5xd6 Qd8xd6
16.Bd3c4 g3
17.a3 gxh2
18.axb4 Qd6xb4
19.d3 Qb4d6
20.f3 Rh8g8
21.Re1f1 Nf6g4
22.Ke1 Qd6b4
23.Ke2 Ng4f6
24.Rf1h1 Nf6g4
25.Qd1f1 Ng4e3
26.Bc1xe3 dxe3
27.Kxe3 Qb4xb2
28.Rh1xh2 Qb2b6
29.Ke2 Qb6b2
30.Ra1a2 Qb2b6
31.f4 Bc8g4
32.Kd2 f5
33.Bc4xg8 fxe4
34.fxe5 O-O-O
35.Bg8c4 Qb6b4
36.c3 Qb4c5
37.Ra2xa6 Qc5xc4
38.Ra6a8 Kd7
39.dxc4 Rd8xa8
40.Qf1f7 Kc8
41.e6 Ra8a2
42.Kc1 e3
43.e7 Bg4d7
44.Kd1 Bd7g4
45.Kc1 e2
46.e8Q { resign }
1-0

[Event "Match"]
[Site "www.echecsemail.com"]
[Date "2016.03.22"]
[Round "1"]
[White "Gfalk"]
[Black "Tonino1"]
[WhiteElo "1649"]
[BlackElo "2050"]
[Result "1/2-1/2"]
[Round "1"]
1.f4 Ng8f6
2.Ng1f3 g6
3.g3 Bf8g7
4.d3 O-O
5.Bf1g2 d5
6.O-O c6
7.Qd1e1 Qd8b6
8.Kh1 Nf6g4
9.e3 Bg7xb2
10.Bc1xb2 Qb6xb2
11.Nb1d2 Qb2xc2
12.h3 Ng4f6
13.Qe1e2 Bc8f5
14.Nf3e5 Nb8d7
15.Rf1c1 Qc2a4
16.Ne5xd7 Nf6xd7
17.g4 Bf5e6
18.e4 Nd7b6
19.f5 Be6d7
20.Nd2b3 Qa4a3
21.Nb3c5 Ra8b8
22.Nc5xd7 Nb6xd7
23.e5 Rb8e8
24.Qe2e3 f6
25.e6 Nd7e5
26.Rc1d1 Re8d8
27.Qe3h6 g5
28.Ra1b1 b6
29.Rd1d2 Ne5xd3
30.h4 Kh8
31.hxg5 fxg5
32.Bg2f1 Nd3f4
33.Bf1g2 Nf4xg2
34.Rd2xg2 Qa3d3
35.Rb1b3 Qd3f1
36.Rg2g1 Qf1f4
37.Rb3h3 Qf4e4
38.Rg1g2 Qe4e1
39.Kh2 Qe1e5
40.Kg1 Qe5g7
41.Rg2h2 Qg7a1
42.Kg2 Qa1xa2
43.Kf3 Qa2b3
44.Kg2 Qb3c2
45.Kg1 Qc2d1
46.Kf2 Qd1d2
47.Kf1 Qd2d1
48.Kf2 { draw }
1/2-1/2

[Event "Match"]
[Site "www.echecsemail.com"]
[Date "2016.03.22"]
[Round "1"]
[White "Umutkrc"]
[Black "Iko"]
[WhiteElo "1699"]
[BlackElo "1670"]
[Result "1-0"]
[Round "1"]
1.d3 d5
2.h3 d4
3.Ng1f3 c5
4.c3 Nb8c6
5.cxd4 Nc6xd4
6.Qd1a4 Nd4c6
7.Nf3e5 Bc8d7
8.Ne5xd7 Qd8xd7
9.Nb1c3 Nc6d4
10.Qa4d1 e5
11.e3 Nd4e6
12.d4 cxd4
13.Bf1b5 Bf8b4
14.Bb5xd7 Kxd7
15.Qd1a4 Kc8
16.Qa4xb4 Ng8f6
17.Nc3b5 Nf6d5
18.Nb5d6 Kd7
19.Qb4xb7 Kxd6
20.b3 Rh8b8
21.Bc1a3 Nd5b4
22.Ba3xb4 Ne6c5
23.Bb4xc5 Kxc5
24.Ra1c1 Kd6
25.Rc1c6 Kd5
26.Qb7d7 Ke4
27.Ke2 Rb8b4
28.f3 
1-0

[Event "Match"]
[Site "www.echecsemail.com"]
[Date "2016.03.22"]
[Round "1"]
[White "Elogic"]
[Black "Vitoriccardo"]
[WhiteElo "1860"]
[BlackElo "1940"]
[Result "0-1"]
[Round "1"]
1.c4 e5
2.Nb1c3 d6
3.e3 f5
4.d3 Ng8f6
5.Bf1e2 Bc8e6
6.Bc1d2 Bf8e7
7.Qd1c2 Nb8d7
8.g3 d5
9.cxd5 Nf6xd5
10.Nc3xd5 Be6xd5
11.f3 O-O
12.e4 fxe4
13.fxe4 Bd5c6
14.O-O-O Kh8
15.Bd2c3 Be7g5
16.Kb1 Qd8e7
17.h4 Bg5e3
18.Ng1f3 Ra8d8
19.Rh1f1 Rf8e8
20.Nf3h2 Be3d4
21.Bc3xd4 exd4
22.Be2h5 Re8f8
23.Rf1xf8 Rd8xf8
24.b3 Nd7e5
25.Nh2g4 Ne5xg4
26.Bh5xg4 Bc6d7
27.Qc2xc7 Rf8d8
28.Qc7xb7 Qe7e8
29.Bg4f3 Bd7e6
30.Qb7xa7 Rd8b8
31.Kb2 Qe8b5
32.Qa7a3 Qb5c6
33.Rd1c1 Qc6b5
34.Rc1c5 Qb5xd3
35.Qa3a7 Rb8f8
36.Bf3h5 Rf8f2
37.Ka3 Qd3d2
38.Qa7b8 Be6g8
39.Ka4 Qd2xa2
{ resign }
0-1

[Event "Match"]
[Site "www.echecsemail.com"]
[Date "2016.03.22"]
[Round "1"]
[White "Rindrandria"]
[Black "Ranjachess"]
[WhiteElo "1550"]
[BlackElo "1770"]
[Result "0-1"]
[Round "1"]
1.e4 e5
2.Bf1c4 Ng8f6
3.Ng1f3 h6
4.Nf3xe5 d5
5.exd5 Nf6xd5
6.Ne5xf7 Kxf7
7.Qd1f3 Ke6
8.O-O c6
9.Nb1c3 Qd8g5
10.d4 Qg5f5
11.Rf1e1 Kf6
12.Nc3e4 Kg6
13.Qf3g3 Kh7
14.Ne4d6 Bf8xd6
15.Qg3xd6 Qf5xc2
16.Bc4xd5 cxd5
17.h4 Qc2c6
18.Qd6h2 Qc6f6
19.Bc1g5 Qf6xd4
20.Ra1d1 Rh8e8
21.Bg5e3 Qd4e5
22.f4 Qe5xb2
23.Rd1d2 Qb2a3
24.Qh2g3 Bc8g4
25.Rd2xd5 Bg4e6
26.Rd5e5 Nb8c6
27.Re5b5 b6
28.f5 Nc6d4
29.Qg3g6 Kg8
30.Be3xd4 Re8e7
31.Bd4f6 Be6xf5
32.Qg6xf5 Re7xe1
33.Kh2 Qa3d6
34.Bf6e5 Qd6f8
35.Qf5e6 Qf8f7
36.Qe6g4 Ra8e8
37.Be5c3 Re1e4
38.Qg4d1 Qf7f4
39.Kg1 Qf4e3
40.Kf1 Re8f8
41.Qd1f3 Rf8xf3
42.gxf3 Qe3xf3
43.Kg1 Re4g4
44.Kh2 Qf3g2

0-1

[Event "Match"]
[Site "www.echecsemail.com"]
[Date "2016.03.22"]
[Round "1"]
[White "Fangshuo"]
[Black "Elogic"]
[WhiteElo "2120"]
[BlackElo "1900"]
[Result "1-0"]
[Round "1"]
1.e4 b6
2.Ng1f3 Bc8b7
3.Nb1c3 d5
4.e5 f6
5.Bf1b5 c6
6.Bb5a4 b5
7.Ba4b3 a6
8.d4 Qd8c7
9.O-O fxe5
10.Nf3xe5 Ng8f6
11.Bc1f4 e6
12.Ne5g6 Qc7b6
13.Ng6xh8 Nb8d7
14.Rf1e1 a5
15.Re1xe6 Bf8e7
16.Qd1e2 Nf6e4
17.Nc3xe4 { resign }
1-0

[Event "Match"]
[Site "www.echecsemail.com"]
[Date "2016.03.22"]
[Round "1"]
[White "Heiserman"]
[Black "Elogic"]
[WhiteElo "2230"]
[BlackElo "2059"]
[Result "1-0"]
[Round "1"]
1.c4 e5
2.Nb1c3 Ng8f6
3.d3 c6
4.Ng1f3 Qd8c7
5.g3 d5
6.cxd5 cxd5
7.d4 e4
8.Nf3e5 Bf8d6
9.Nc3b5 Qc7a5
10.Nb5c3 Nb8c6
11.Ne5xc6 bxc6
12.Bf1g2 O-O
13.O-O Rf8e8
14.Bc1g5 Bd6e7
15.a3 Nf6g4
16.b4 Qa5c7
17.Bg5d2 Bc8f5
18.b5 h6
19.bxc6 Qc7xc6
20.Ra1c1 Be7xa3
21.Rc1c2 Ra8d8
22.Nc3b1 Qc6a4
23.Nb1xa3 Qa4xa3
24.h3 Ng4f6
25.Rc2c5 Re8e7
26.g4 Bf5g6
27.Qd1a1 Qa3xa1
28.Rf1xa1 Re7b7
29.Bd2f4 Rd8a8
30.e3 Kh7
31.Bg2f1 Kg8
32.Bf1b5 Ra8d8
33.Bb5c6 Rb7e7
34.Kg2 Bg6h7
35.Bf4e5 Bh7g6
36.Ra1a6 Kh7
37.Kg3 Kh8
38.Be5xf6 gxf6
39.Bc6xd5 Kg7
40.Bd5c4 Re7d7
41.h4 Bg6h7
42.Rc5c6 f5
43.Rc6xh6 Bh7g6
44.g5 f6
45.Ra6xf6 { resign }
1-0

[Event "Match"]
[Site "www.echecsemail.com"]
[Date "2016.03.22"]
[Round "1"]
[White "Elogic"]
[Black "Llord"]
[WhiteElo "1960"]
[BlackElo "1790"]
[Result "1-0"]
[Round "1"]
1.d4 e6
2.c4 d5
3.cxd5 exd5
4.Nb1c3 Bf8b4
5.Qd1d3 Ng8f6
6.Bc1d2 O-O
7.g3 c6
8.a3 Bb4a5
9.b4 Ba5b6
10.e3 g6
11.Ng1e2 Bc8f5
12.e4 dxe4
13.Qd3e3 Nf6g4
14.Qe3f4 Bb6xd4
15.Ne2xd4 Qd8xd4
16.Bf1e2 h5
17.h3 Ng4e5
18.g4 Bf5e6
19.gxh5 Nb8d7
20.hxg6 Ne5xg6
21.Qf4g5 Ra8d8
22.h4 Nd7e5
23.O-O-O Be6b3
24.h5 f6
25.Qg5h6 Kf7
26.hxg6 Ne5xg6
27.Qh6h7 Ke6
28.Be2g4 f5
29.Qh7xg6 Rf8f6
30.Bg4xf5 Ke5
31.Bd2f4 Kxf4
32.Rd1xd4 Rf6xg6
33.Bf5xg6 { resign }
1-0

[Event "Match"]
[Site "www.echecsemail.com"]
[Date "2016.03.22"]
[Round "1"]
[White "Liencam2"]
[Black "Heiserman"]
[WhiteElo "2350"]
[BlackElo "2210"]
[Result "0-1"]
[Round "1"]
1.e4 c6
2.d4 d5
3.f3 dxe4
4.fxe4 g6
5.Ng1f3 Bf8g7
6.Bf1c4 Bc8g4
7.Bc4xf7 Kxf7
8.Nf3g5 Ke8
9.Qd1xg4 Bg7xd4
10.c3 Bd4f6
11.Bc1e3 Qd8d7
12.Qg4e2 Bf6xg5
13.Be3xg5 Ng8f6
14.O-O Qd7d6
15.Nb1a3 Nb8d7
16.Ra1d1 Qd6c5
17.Bg5e3 Qc5h5
18.Qe2c4 Nf6g4
19.Qc4f7 Kd8
20.Be3f4 Ng4f6
21.Qf7e6 Qh5c5
22.Kh1 Ke8
23.Na3c4 Nd7f8
24.Nc4d6 Qc5xd6
25.Rd1xd6 Nf8xe6
26.Rd6xe6 Rh8f8
27.Bf4d6 Kd7
28.Re6xf6 Rf8xf6
29.Rf1xf6 exf6
30.Bd6c5 b6
31.Bc5d4 Ke6
32.b4 Ra8c8
33.Kg1 c5
34.Bd4e3 cxb4
35.cxb4 Ke5
36.Kf2 Kxe4
{ resign }
0-1

[Event "Match"]
[Site "www.echecsemail.com"]
[Date "2016.03.22"]
[Round "1"]
[White "Genius2"]
[Black "Biggles"]
[WhiteElo "1740"]
[BlackElo "2070"]
[Result "1/2-1/2"]
[Round "1"]
1.d4 d5
2.Bc1f4 Ng8f6
3.e3 e6
4.Ng1f3 c5
5.c3 Nb8c6
6.Nb1d2 Bc8d7
7.Bf1e2 Qd8b6
8.Qd1b3 cxd4
9.cxd4 Bf8b4
10.a3 Bb4a5
11.Qb3xb6 Ba5xb6
12.h3 Nf6e4
13.Nd2xe4 dxe4
14.Nf3d2 f5
15.Nd2c4 Bb6d8
16.Nc4d6 Ke7
17.b4 b6
18.O-O h6
19.Nd6c4 g6
20.Rf1d1 Kf7
21.Nc4e5 Nc6xe5
22.Bf4xe5 Bd8f6
23.Be5xf6 Kxf6
24.Ra1c1 { draw }
1/2-1/2

[Event "Match"]
[Site "www.echecsemail.com"]
[Date "2016.03.22"]
[Round "1"]
[White "Wwgia"]
[Black "Paaliaq"]
[WhiteElo "2160"]
[BlackElo "1809"]
[Result "0-1"]
[Round "1"]
1.d4 Ng8f6
2.c4 g6
3.Nb1c3 d5
4.Ng1f3 Bf8g7
5.Bc1g5 dxc4
6.e4 c5
7.d5 h6
8.Bg5xf6 Bg7xf6
9.Bf1xc4 Nb8d7
10.O-O a6
11.a4 Qd8c7
12.Rf1e1 Nd7e5
13.Nf3xe5 Bf6xe5
14.g3 h5
15.f4 Be5d4
16.Kg2 h4
17.f5 hxg3
18.hxg3 gxf5
19.d6 Qc7xd6
20.e5 Qd6b6
21.Qd1d2 Bc8e6
22.a5 Qb6c6
{ resign }
0-1

[Event "1/128 Finale"]
[Site "www.chess-mail.com"]
[Date "2016.03.22"]
[Round "1"]
[White "Uji40"]
[Black "Guidom"]
[WhiteElo "1970"]
[BlackElo "2020"]
[Result "1/2-1/2"]
[Round "1"]
1.e4 e5
2.Ng1f3 Nb8c6
3.Bf1b5 a6
4.Bb5xc6 dxc6
5.O-O Bc8g4
6.h3 Bg4xf3
7.Qd1xf3 Qd8f6
8.Qf3xf6 Ng8xf6
9.Rf1e1 Bf8c5
10.Nb1c3 O-O-O
11.d3 Bc5b4
12.Bc1d2 Nf6d7
13.a3 Bb4xc3
14.Bd2xc3 f6
15.Bc3d2 Nd7b6
16.b3 Rd8d7
17.Re1e3 Rh8d8
18.Bd2c3 c5
19.Ra1d1 c6
20.Bc3a5 Kc7
21.c3 Rd7d6
{ draw }
1/2-1/2

[Event "1/128 Finale"]
[Site "www.chess-mail.com"]
[Date "2016.03.22"]
[Round "1"]
[White "Roque1"]
[Black "Mitja"]
[WhiteElo "1910"]
[BlackElo "1810"]
[Result "1-0"]
[Round "1"]
1.e4 d5
2.exd5 Qd8xd5
3.Nb1c3 Qd5d8
4.Bf1c4 e6
5.Ng1f3 c6
6.O-O Nb8d7
7.d3 Nd7b6
8.Bc4b3 h6
9.Bc1e3 Bf8d6
10.Qd1d2 Bd6c7
11.Nc3e4 Ng8f6
12.Ne4c5 Nb6d7
13.Qd2b4 Nd7xc5
14.Be3xc5 Nf6d5
15.Bb3xd5 cxd5
16.c3 Bc7b6
17.Nf3e5 Bb6xc5
18.Qb4xc5 Qd8e7
19.Qc5b5 Kf8
20.d4 g6
21.f4 Kg7
22.Rf1f3 a6
23.Qb5d3 Qe7f6
24.Ra1f1 Qf6f5
25.Qd3e2 b5
26.Rf3g3 Kf8
27.Ne5g4 h5
28.Ng4e5 Ke7
29.Ne5c6 Kd7
30.Nc6e5 Kd6
31.Rg3g5 Qf5f6
32.b3 Bc8b7
33.c4 bxc4
34.bxc4 dxc4
35.Qe2xc4 Bb7d5
36.Qc4c5 
1-0

[Event "1/64 Finale"]
[Site "www.chess-mail.com"]
[Date "2016.03.22"]
[Round "1"]
[White "Julian"]
[Black "Buchauer"]
[WhiteElo "2090"]
[BlackElo "2349"]
[Result "0-1"]
[Round "1"]
1.e4 e5
2.Ng1f3 Nb8c6
3.Bf1b5 a6
4.Bb5a4 Ng8f6
5.O-O Bf8e7
6.Rf1e1 b5
7.Ba4b3 O-O
8.c3 d6
9.d4 Bc8g4
10.h3 Bg4xf3
11.Qd1xf3 exd4
12.Bb3d5 Nc6e5
13.Qf3e2 d3
14.Qe2d1 c6
15.Bd5b3 Rf8e8
16.Nb1d2 d5
17.exd5 Be7c5
18.dxc6 Qd8b6
19.Nd2e4 Nf6xe4
20.Re1xe4 Bc5xf2
21.Kh1 Qb6xc6
22.Re4f4 Bf2g3
23.Rf4d4 Ne5c4
24.Rd4g4 Re8e1
25.Qd1xe1 Bg3xe1
26.Bc1f4 Ra8e8
27.a4 h5
{ resign }
0-1

[Event "Fast Game"]
[Site "www.echecsemail.com"]
[Date "2016.03.22"]
[Round "1"]
[White "Attatroll"]
[Black "Hennie4820"]
[WhiteElo "1800"]
[BlackElo "1790"]
[Result "1-0"]
[Round "1"]
1.d4 Ng8f6
2.c4 e6
3.Nb1c3 d5
4.cxd5 Nf6xd5
5.e4 Nd5f6
6.Ng1f3 Bf8e7
7.Bf1d3 O-O
8.O-O Bc8d7
9.Bc1e3 Bd7c6
10.Qd1c2 Nb8d7
11.Ra1c1 Rf8e8
12.a3 Nd7f8
13.e5 Nf6d5
14.Nc3xd5 exd5
15.b4 a6
16.Bd3e2 Nf8e6
17.a4 Be7xb4
18.Qc2b3 a5
19.Be2d3 Qd8d7
20.Qb3c2 h6
21.Nf3h4 g5
22.Nh4f5 h5
23.Nf5h6 Kg7
24.Nh6f5 Kg8
25.Qc2e2 g4
26.h3 Ne6g7
27.Nf5h6 Kf8
28.hxg4 hxg4
29.Nh6xg4 f5
30.Ng4f6 Qd7f7
31.Nf6xe8 Ra8xe8
32.Be3h6 Kg8
33.Bh6xg7 Qf7xg7
34.Qe2h5  { time }
1-0

[Event "Fast Game"]
[Site "www.echecsemail.com"]
[Date "2016.03.22"]
[Round "1"]
[White "Picalojack"]
[Black "Boki84"]
[WhiteElo "1599"]
[BlackElo "1409"]
[Result "0-1"]
[Round "1"]
1.c4 Ng8f6
2.d4 Nb8c6
3.Nb1c3 d5
4.c5 e5
5.Ng1f3 exd4
6.Nf3xd4 Bf8xc5
7.e3 O-O
8.Nd4xc6 bxc6
9.a3 Nf6g4
10.f4 Rf8e8
11.b4 Bc5xe3
12.Qd1d3 Be3xc1
 { time }
0-1

[Event "Fast Game"]
[Site "www.echecsemail.com"]
[Date "2016.03.22"]
[Round "1"]
[White "Milkyway"]
[Black "Picalojack"]
[WhiteElo "1599"]
[BlackElo "1599"]
[Result "1-0"]
[Round "1"]
1.e4 c5
2.c3 Nb8c6
3.d4 d5
4.e5 f6
5.f4 cxd4
6.cxd4 e6
7.Ng1f3 Ng8e7
8.Bf1b5 a6
9.Bb5xc6 Ne7xc6
10.O-O a5
11.Nb1c3 f5
12.Bc1e3 b6
13.Qd1d2 Bc8a6
14.Rf1d1 b5
15.Ra1c1 b4
16.Nc3b1 Qd8b6
17.Qd2c2  { time }
1-0

[Event "Fast Game"]
[Site "www.echecsemail.com"]
[Date "2016.03.22"]
[Round "1"]
[White "Cal"]
[Black "Sargentoabel"]
[WhiteElo "1550"]
[BlackElo "1599"]
[Result "1-0"]
[Round "1"]
1.c4 c6
2.e4 d5
3.cxd5 cxd5
4.e5 Nb8c6
5.Qd1a4 Bc8d7
6.Qa4b5 Nc6xe5
7.Qb5xd5 Ne5c6
{ time. }
1-0

[Event "Tourn. n8674"]
[Site "www.chess-mail.com"]
[Date "2016.03.23"]
[Round "1"]
[White "Joseph1983"]
[Black "Tonino1"]
[WhiteElo "2140"]
[BlackElo "2250"]
[Result "1-0"]
[Round "1"]
1.e4 c5
2.Ng1f3 d6
3.d4 cxd4
4.Nf3xd4 Ng8f6
5.Nb1c3 g6
6.Bc1e3 Bf8g7
7.f3 O-O
8.Qd1d2 Rf8e8
9.Bf1c4 Nb8c6
10.O-O-O Bc8d7
11.g4 Ra8c8
12.Bc4b3 Nc6e5
13.h4 Ne5c4
14.Bb3xc4 Rc8xc4
15.h5 Nf6xg4
16.fxg4 Bd7xg4
17.Rd1g1 Bg4d7
18.hxg6 hxg6
19.Nd4e2 a6
20.Rg1xg6 b5
21.Rg6xg7 Kxg7
22.Be3d4 e5
23.Qd2h6  { time }
1-0

[Event "Tourn. n8616"]
[Site "www.chess-mail.com"]
[Date "2016.03.23"]
[Round "1"]
[White "Cal"]
[Black "Passaroa25"]
[WhiteElo "1640"]
[BlackElo "1570"]
[Result "1-0"]
[Round "1"]
1.d4 c6
2.e4 d6
3.h3 e6
4.Nb1c3 Nb8d7
5.Ng1f3 f6
6.a3 Nd7b6
7.b4 Bc8d7
8.Bf1d3 Ng8e7
9.O-O Ne7g6
10.Nc3e2 Bf8e7
11.c4 O-O
12.Ne2g3 Bd7e8
13.c5 Nb6d7
14.cxd6 Be7xd6
15.e5 Bd6e7
16.Bd3xg6 Be8xg6
17.exf6 Nd7xf6
18.Nf3e5 Bg6f7
19.Bc1e3 Nf6d5
20.Qd1g4 Nd5f6
21.Ne5xf7 Rf8xf7
22.Qg4f4 Nf6d5
23.Qf4e5 Nd5c7
24.f4 Be7f6
25.Qe5e4 g6
26.Ra1d1 Rf7g7
27.a4 Bf6h4
28.Rf1f3 Qd8d7
29.Ng3e2 Qd7d5
30.Qe4d3 Bh4e7
31.Rf3g3 Be7h4
32.Rg3g4 Bh4e7
33.Ne2g3 Qd5a2
34.Kh2 Qa2xa4
35.d5 Nc7xd5
36.Be3d4 Be7f6
37.Bd4e5 Nd5xb4
38.Qd3c4 Bf6xe5
39.fxe5 Qa4xd1
40.Qc4xe6 Rg7f7
41.Ng3h5 Qd1d5
42.Nh5f6 Kf8
43.Nf6xd5 Nb4xd5
44.Rg4g3 Nd5f4
45.Qe6d6 Rf7e7
46.Rg3f3 g5
47.g3 Ke8
48.gxf4 Ra8d8
49.Qd6f6 gxf4
50.Rf3f2 h5
51.e6 b5
52.Qf6h8 
1-0

[Event "Tourn. n8658"]
[Site "www.chess-mail.com"]
[Date "2016.03.23"]
[Round "1"]
[White "Tonino1"]
[Black "Prize64"]
[WhiteElo "2200"]
[BlackElo "2149"]
[Result "0-1"]
[Round "1"]
1.d4 Ng8f6
2.Ng1f3 g6
3.e3 Bf8g7
4.Bf1d3 d6
5.b3 O-O
6.Bc1b2 Nb8d7
7.Nb1d2 Rf8e8
8.O-O e5
9.dxe5 dxe5
10.e4 Nd7c5
11.Qd1e2 Nf6h5
12.Bd3c4 Nh5f4
13.Qe2e1 Qd8e7
14.a4 Bc8d7
15.Nd2b1 Bd7g4
16.Nb1d2 a5
17.Ra1d1 Ra8d8
18.h3 Rd8xd2
19.Qe1xd2 Bg4xf3
20.gxf3 Qe7g5
 { time }
0-1

[Event "Tourn. n8619"]
[Site "www.chess-mail.com"]
[Date "2016.03.23"]
[Round "1"]
[White "Gatrooper"]
[Black "Elogic"]
[WhiteElo "1640"]
[BlackElo "1870"]
[Result "0-1"]
[Round "1"]
1.e4 e6
2.d4 d5
3.e5 b6
4.a3 c5
5.dxc5 Bf8xc5
6.Bc1e3 Bc5xe3
7.fxe3 Bc8b7
8.Nb1c3 Ng8e7
9.Bf1b5 Bb7c6
10.Bb5xc6 Nb8xc6
11.Ng1f3 Ne7g6
12.h3 Nc6xe5
13.Nf3xe5 Ng6xe5
14.Nc3b5 Ne5c4
15.Qd1f3 Nc4xb2
16.Rh1f1 O-O
17.Nb5d4 Qd8c8
18.g4 Qc8c3
19.Kf2 Qc3d2
20.Nd4e2 f5
21.Kg1 fxg4
22.Qf3xg4 Qd2xe3
23.Kh1 Rf8xf1
24.Ra1xf1 Ra8c8
25.Ne2g3 Rc8xc2
26.Rf1g1 Qe3f2
27.Ng3e2 g6
28.Qg4xe6 Qf2f7
29.Qe6g4 Qf7f2
30.Rg1g2 Qf2f1
31.Kh2 Nb2d3
32.Qg4e6 Kg7
33.Qe6d7 Kh6
34.Qd7a4 Rc2xe2
35.Qa4h4 Kg7
36.Qh4d4 Nd3e5
37.Rg2xe2 Qf1xe2
38.Kh1 Qe2f3
39.Kg1 Qf3g3
40.Kh1 Qg3xh3
41.Kg1 Qh3g4
42.Kh1 Qg4h3
43.Kg1 Qh3g3
44.Kf1 Kh6
45.Qd4d2 Kh5
46.Qd2e2 Ne5f3
47.Qe2g2 Qg3xg2
48.Kxg2 Kg4
49.Kf2 d4
50.Ke2 h5
51.Kd3 h4
52.Ke2 h3
53.Kf2 d3
54.Ke3 d2
55.Ke2 h2
56.a4 h1Q
57.a5 d1Q
{ resign }
0-1

[Event "Tourn. n8616"]
[Site "www.chess-mail.com"]
[Date "2016.03.23"]
[Round "1"]
[White "Cal"]
[Black "Azulmarino"]
[WhiteElo "1630"]
[BlackElo "1510"]
[Result "1-0"]
[Round "1"]
1.Nb1c3 d5
2.d4 Bc8f5
3.h3 a6
4.Bc1f4 Ng8f6
5.e3 Nb8c6
6.Ng1f3 e6
7.Bf1d3 Bf5xd3
8.Qd1xd3 Bf8b4
9.O-O Bb4d6
10.Bf4g5 Bd6e7
11.a3 h6
12.Bg5xf6 Be7xf6
13.b4 b5
14.Nc3e2 Nc6e7
15.Ne2g3 Ne7g6
16.e4 O-O
17.e5 Bf6e7
18.Ng3h5 Be7g5
19.Nf3xg5 Qd8xg5
20.f4 Qg5xh5
21.Ra1e1 Ng6h4
22.Re1e3 Nh4f5
23.Re3f3 c6
24.Kh2 f6
25.g4 Qh5f7
26.gxf5 Qf7d7
27.fxe6 Qd7xe6
28.f5 Qe6d7
29.e6 Qd7d6
30.Kg2 Rf8e8
31.Rf3g3 Re8e7
32.Rg3g6 Kh7
33.Qd3e3 a5
34.c3 axb4
35.cxb4 Kg8
36.Qe3xh6 Ra8xa3
37.Qh6h4 Qd6xb4
38.Qh4g4 Qb4d2
39.Rf1f2 Qd2e1
40.Rg6xf6 Qe1e4
41.Qg4xe4 dxe4
42.Rf6g6 e3
43.Rf2e2 b4
44.h4 Ra3d3
45.Kf3 b3
46.Ke4 Rd3d2
47.Re2xe3 b2
48.Re3b3 Re7a7
49.f6 Ra7a1
50.Rg6xg7 Kf8
51.Rb3b8 { resign }
1-0

[Event "Tourn. n8679"]
[Site "www.chess-mail.com"]
[Date "2016.03.23"]
[Round "1"]
[White "Faerieking"]
[Black "Prize64"]
[WhiteElo "2180"]
[BlackElo "2280"]
[Result "1/2-1/2"]
[Round "1"]
1.d4 Ng8f6
2.c4 c5
3.Ng1f3 cxd4
4.Nf3xd4 e5
5.Nd4b5 d5
6.e3 a6
7.Nb5c3 Bf8b4
8.a3 Bb4e7
9.cxd5 e4
10.Bf1e2 Nb8d7
11.O-O O-O
12.f3 Nd7b6
13.fxe4 Be7d6
14.Nb1d2 Qd8c7
15.Nd2f3 Rf8e8
16.Be2d3 Bc8g4
17.h3 Bg4d7
18.Qd1e2 Nb6a4
19.Nc3xa4 Bd7xa4
20.Nf3d2 Ba4c2
21.Nd2c4 Bc2xd3
22.Qe2xd3 Nf6xe4
23.Nc4xd6 Qc7xd6
24.b4 Ra8d8
25.Bc1b2 { draw }
1/2-1/2

[Event "Tourn. n8601"]
[Site "www.chess-mail.com"]
[Date "2016.03.23"]
[Round "1"]
[White "Iko"]
[Black "Gatrooper"]
[WhiteElo "1640"]
[BlackElo "1650"]
[Result "1-0"]
[Round "1"]
1.e4 e5
2.Ng1f3 Nb8c6
3.Bf1b5 a6
4.Bb5xc6 dxc6
5.Nf3xe5 Qd8f6
6.Ne5g4 Qf6f4
7.Qd1f3 Qf4xf3
8.gxf3 Bc8xg4
9.fxg4 h6
10.Nb1c3 Ng8f6
11.Rh1g1 h5
12.gxh5 Nf6xh5
13.d4 O-O-O
14.Bc1e3 Bf8b4
15.Be3d2 Bb4xc3
16.Bd2xc3 g6
17.d5 Rh8e8
18.f3 cxd5
19.Rg1f1 dxe4
20.fxe4 Re8xe4
21.Kf2 Rd8e8
22.Ra1e1 Re4f4
23.Kg2 Rf4g4
24.Kh3 Re8xe1
25.Rf1xe1 Rg4c4
26.Re1e8 Kd7
27.Re8b8 Nh5f4
28.Kg3 b5
29.Bc3e5 c6
30.Rb8b7 Ke6
31.Be5xf4 Rc4xc2
32.Rb7b6 Rc2xb2
33.Rb6xc6 Kd7
34.Rc6xa6 f5
35.h4 b4
36.Bf4d6 Rb2d2
37.Bd6xb4 Rd2d3
38.Kf2 Rd3d4
39.a3 f4
40.Ra6xg6 Rd4c4
41.h5 Ke8
42.h6 Rc4c7
43.Rg6g8 Kd7
44.Rg8g7 Kc6
45.Rg7xc7 Kxc7
46.h7 Kc6
47.h8Q Kd5
48.a4 Ke4
49.a5 f3
50.a6 Kd3
51.a7 { resign }
1-0

[Event "Tourn. n8638"]
[Site "www.chess-mail.com"]
[Date "2016.03.23"]
[Round "1"]
[White "Paul30"]
[Black "Passaroa25"]
[WhiteElo "1689"]
[BlackElo "1570"]
[Result "1-0"]
[Round "1"]
1.d4 c6
2.e4 d6
3.Nb1c3 e6
4.Ng1f3 f6
5.Bf1c4 Ng8e7
6.O-O Ne7g6
7.Rf1e1 Bc8d7
8.e5 d5
9.Bc4d3 Bf8e7
10.a3 O-O
11.Bd3xg6 hxg6
12.Nf3h4 Bd7e8
13.Qd1g4 f5
14.Qg4h3 Be7xh4
15.Nc3e2 Kf7
16.Ne2f4 Rf8h8
17.g3 Nb8d7
18.gxh4 Rh8xh4
19.Qh3g3 g5
20.Nf4g2 Rh4g4
21.Qg3d3 g6
22.f3 Rg4xd4
23.Qd3xd4 f4
24.Bc1d2 Kf8
25.Kf2 Be8f7
26.h4 Qd8b6
27.Qd4xb6 Nd7xb6
28.hxg5 Nb6c4
29.Bd2c3 Ra8e8
30.Ng2xf4 b5
31.Bc3b4 Kg8
32.b3 a5
33.bxc4 axb4
34.axb4 Re8c8
35.c5 Kf8
36.Nf4e2 Ke7
37.Ra1a7 Ke8
38.Re1h1 Bf7g8
39.Ne2f4 d4
40.Rh1h8 { resign }
1-0

[Event "Tourn. n8623"]
[Site "www.chess-mail.com"]
[Date "2016.03.23"]
[Round "1"]
[White "Jftgalloso"]
[Black "Gatrooper"]
[WhiteElo "1760"]
[BlackElo "1680"]
[Result "1/2-1/2"]
[Round "1"]
1.Ng1f3 Nb8c6
2.g3 Ng8f6
3.Bf1g2 d5
4.d4 Nf6e4
5.O-O h6
6.Nf3d2 Nc6xd4
7.Nd2xe4 dxe4
8.Bg2xe4 e5
9.e3 Nd4e6
10.Qd1xd8 Ne6xd8
11.f4 Bc8h3
12.Rf1e1 Nd8e6
13.Be4xb7 Ra8b8
14.Bb7c6 Ke7
15.Re1d1 Rb8d8
16.Rd1xd8 Ne6xd8
17.Bc6g2 Bh3f5
18.e4 Bf5e6
19.f5 Be6d7
20.b3 f6
21.Bc1a3 Ke8
22.Ba3xf8 Rh8xf8
23.c4 c5
24.Nb1c3 g5
25.g4 a5
26.a4 Nd8c6
27.Nc3d5 Nc6d4
28.Ra1b1 { draw }
1/2-1/2

[Event "Tourn. n8652"]
[Site "www.chess-mail.com"]
[Date "2016.03.23"]
[Round "1"]
[White "Jjmcbride"]
[Black "Daquata"]
[WhiteElo "1590"]
[BlackElo "1630"]
[Result "0-1"]
[Round "1"]
1.e4 e5
2.d4 exd4
3.Qd1xd4 Nb8c6
4.Qd4c3 Bf8b4
5.Bc1d2 Bb4xc3
6.Nb1xc3 Ng8f6
7.O-O-O d6
8.h3 h6
9.a3 O-O
10.g4 Rf8e8
11.Bf1g2 Nc6e5
12.g5 hxg5
13.Bd2xg5 Bc8e6
14.f4 Ne5c6
15.e5 Qd8e7
16.Bg2d5 dxe5
17.fxe5 Nc6xe5
18.Rd1e1 Qe7d6
19.Bg5xf6 Be6xd5
20.Nc3b5 Qd6xf6
21.Nb5xc7 Bd5xh1
22.Nc7xa8 Re8xa8
23.Ng1e2 Qf6f2
{ resign }
0-1